Länder, die mit V beginnen - Karten-Quiz - Statistiken

Allgemein
  • Dieses Quiz wurde 292 mal gespielt
  • Das Durchschnittsergebnis liegt bei 7 aus 7
Antworten auf der Karte
Die Antworten werden auf der Karte rot bzw. grün angezeigt, abhängig davon wie oft sie richtig erraten wurden.
 
Antwortstatistiken
Land % Korrekt
Venezuela
99%
Vereinigtes Königreich
99%
Vereinigte Staaten
99%
Vietnam
96%
Vatikanstadt
94%
Vereinigte Arabische Emirate
90%
Vanuatu
85%
Keine übereinstimmenden Quizze gefunden
Verteilung der Resultate
Anzahl Personen mit jedem Resultat
Perzentil nach korrekt beantworteten Fragen
Ihre Resultats-Entwicklung
Sie haben dieses Quiz noch nicht gespielt